| 000 | 00394 a2200169 4500 | ||
|---|---|---|---|
| 020 | _a8131716554 | ||
| 022 | _a9788131716557 | ||
| 082 | _a338.5 | ||
| 090 |
_c5542 _d5542 |
||
| 100 | _aGravelle,Hugh | ||
| 245 |
_aMicroeconomics _cHugh Gravelle |
||
| 250 | _a3rd | ||
| 260 |
_aNew Delhi _bPearson Education _c2008 |
||
| 300 | _a748p | ||
| 500 | _aPaper cover | ||
| 942 |
_aNBS _cBK _k338.5 GRA |
||
| 999 |
_c347946 _d347946 |
||